| Поле | Инд. | ПП | Название | Значение |
|---|---|---|---|---|
| Тип записи | a | |||
| Библиографический уровень | b | |||
| 001 | Контрольный номер | cc4f0021782b452581c99370eb926584 | ||
| 005 | Дата корректировки | 20260527123102.7 | ||
| 040 | a | Служба первич. каталог. | РИНЦ | |
| b | Код языка каталог. | rus | ||
| 041 | 0_ | a | Код языка текста | rus |
| 097 | a | Василенко М.А. | ||
| 100 | 1_ | a | Автор | Сеничев Ю. В. |
| 100 | 1_ | a | Автор | Колокольчиков С. Д. |
| 100 | 1_ | a | Автор | Паламарчука П. И. |
| 100 | 1_ | a | Автор | Ладыгин В. П. |
| c | Титул (звания) | старший научный сотрудник; доктор физико-математическх наук; профессор (должность); | ||
| i | Z2021_04 | |||
| k | Кафедра фундаментальных проблем физики микромира; Инженерно-физический институт | |||
| q | Полное имя | Ладыгин Владимир Петрович | ||
| u | Дополнение | Ладыгин В. П. | ||
| 100 | 1_ | a | Автор | Сыресин Е. М. |
| c | Титул (звания) | профессор (ученое звание); доктор физико-математических наук; профессор (должность); | ||
| i | 100093139 | |||
| g | Прочие сведения | РИНЦ AuthorID: 34889 (http://elibrary.ru/author_profile.asp?id= 34889); Scopus Author ID: 7003961220 (https://www.scopus.com/authid/detail.uri?authorId=7003961220) | ||
| k | Кафедра фундаментальных проблем физики микромира; Инженерно-физический институт | |||
| q | Полное имя | Сыресин Евгений Михайлович | ||
| u | Дополнение | Сыресин Е. М.; Syresin Evgeny M. | ||
| 245 | 10 | a | Заглавие | Специализированная магнитооптическая структура с «замороженным спином» для поиска электрического дипольного момента протонов и дейтронов |
| 773 | 18 | a | Заголовок основной записи | XII Международная конференция |
| t | Название источника | Лазерные, плазменные исследования и технологии - ЛАПЛАЗ-2026 | ||
| b | Сведения об издании | Национальный исследовательский ядерный университет МИФИ | ||
| c | Москва | |||
| d | Место и дата издания | 2026 | ||
| m | Специф. данные | сборник трудов конференции | ||
| n | Примечание | https://elibrary.ru/item.asp?id=89204963&selid=89205310 | ||
| z | ISBN | 978-5-7262-3233-1 | ||
| g | Прочая информация | С. 313 | ||
| 856 | 40 | u | URL | https://elibrary.ru/item.asp?id=89205310 |
| 901 | t | Тип документа | b | |
| 952 | c | Вид литературы | материалы конференции |